000 00719nam a2200277Ia 4500
005 20260324131421.0
008 008 260324s9999 xx 000 0 eng d
020 _a9780203020661
037 _aEBOOK
040 _aCRL
040 _beng
040 _cCRL
041 _2eng
041 _aeng
084 _qCRL
100 _aRavi K. Roy; Thomas D. Willett; Arthur T. Denzau; Eric Helleiner
_91185439
245 0 _aNeoliberalism: National and Regional Experiments with Global Ideas
260 _bTaylor and Francis
260 _c2006
365 _a
365 _b255
856 _uhttp://www.taylorfrancis.com/books/9780203020661
942 _cEBOOK
999 _c1782552
_d1782552